Las ruinas de Palmira

Tallennettuna:
Bibliografiset tiedot
Päätekijä: Volney, F. de (Tekijä)
Aineistotyyppi: Kirja
Kieli:espanja
Julkaistu: Buenos Aires Grandes Autores 1944
Aiheet:
Tagit: Lisää tagi
Ei tageja, Lisää ensimmäinen tagi!

MARC

LEADER 00000nam a2200000 a 4500
001 UCQ4860
003 CL-VaPUC
008 980910e19440000AG |||||||||||||||||spa|d
082 0 4 |a 843  |b VOL  |2 21 
100 0 |a Volney, F. de  |e author  |9 419028 
245 1 4 |a Las ruinas de Palmira 
300 |a 190 p 
942 |c BK 
945 |d 19980910 00:00:00  |a crobeson 
260 |a Buenos Aires  |b Grandes Autores  |c 1944 
650 0 |a Novela francesa  |9 264985 
650 0 |a Literatura francesa  |9 266330 
583 |a last modification  |c 19980910 00:00:00  |k Rodrigo Vera 
999 |c 275159  |d 275157 
952 |0 0  |1 0  |4 0  |6 843_000000000000000_VOL_1944  |7 0  |8 A  |9 311714  |a BIBEDU  |b BIBEDU  |d 2019-11-20  |i 1466356  |o 843 VOL 1944  |p 1466356  |r 2019-11-20  |w 2019-11-20  |y BK  |k LIT